[Event "Anti Cheating Blitz Cup"]
[Site "Chess.com INT"]
[Date "2020.05.20"]
[Round "4"]
[White "Piangerelli, Michele"]
[Black "Tosoni, Augusto"]
[Result "1/2-1/2"]
[WhiteElo "1923"]
[BlackElo "2234"]
[PlyCount "53"]
[EventDate "2020.05.20"]
[EventType "swiss (blitz)"]
[EventRounds "11"]
[EventCountry "USA"]
[SourceTitle "CBM 196 Extra"]
[Source "ChessBase"]
[SourceDate "2020.07.31"]
[SourceVersion "1"]
[SourceVersionDate "2020.07.31"]
[SourceQuality "1"]

1. d4 Nf6 2. c4 d6 3. Nc3 g6 4. e4 Bg7 5. f3 0-0 6. Be3 e5 7. Nge2 exd4 8. Nxd4 c6 9. Qd2 Re8 10. Be2 d5 11. cxd5 cxd5 12. exd5 Nxd5 13. Nxd5 Qxd5 14. Bf2 Nc6 15. Nxc6 Qxc6 16. 0-0 Bf5 17. Rac1 Qa4 18. b3 Qd7 19. Qxd7 Bxd7 20. Bd3 Bc6 21. Rfe1 Rad8 22. Rxe8+ Rxe8 23. Re1 Rd8 24. Be4 Bxe4 25. Rxe4 b6 26. Kf1 Bf6 27. Ke2 1/2-1/2

[Event "ITA-ch Lampo Online 2nd"]
[Site "Playchess.com INT"]
[Date "2007.12.23"]
[Round "1.2"]
[White "Tosoni, Augusto"]
[Black "Vocaturo, Daniele"]
[Result "0-1"]
[WhiteElo "2263"]
[BlackElo "2383"]
[PlyCount "58"]
[EventDate "2007.12.23"]
[EventType "k.o. (blitz)"]
[EventRounds "6"]
[EventCountry "ITA"]
[SourceTitle "EXT 2010"]
[Source "ChessBase"]
[SourceDate "2010.11.25"]
[SourceVersion "1"]
[SourceVersionDate "2010.11.25"]
[SourceQuality "1"]

1. e4 c5 2. Nf3 d6 3. d4 cxd4 4. Nxd4 Nf6 5. Nc3 g6 6. Be3 Bg7 7. f3 0-0 8. Qd2 Nc6 9. 0-0-0 d5 10. exd5 Nxd5 11. Nxc6 bxc6 12. Bd4 e5 13. Bc5 Be6 14. Ne4 Re8 15. h4 h6 16. g4 Qc7 17. g5 h5 18. Bc4 Red8 19. Qf2 Nf4 20. Bxe6 Nxe6 21. Rxd8+ Rxd8 22. Bxa7 Ra8 23. Bb6 Qb7 24. a3 Rb8 25. Be3 Qxb2+ 26. Kd1 Rd8+ 27. Ke2 Qb5+ 28. Ke1 Qb1+ 29. Ke2 Qxh1 0-1

[Event "ITA-ch Lampo Online 2nd"]
[Site "Playchess.com INT"]
[Date "2007.12.23"]
[Round "1.1"]
[White "Vocaturo, Daniele"]
[Black "Tosoni, Augusto"]
[Result "1-0"]
[WhiteElo "2383"]
[BlackElo "2263"]
[PlyCount "107"]
[EventDate "2007.12.23"]
[EventType "k.o. (blitz)"]
[EventRounds "6"]
[EventCountry "ITA"]
[SourceTitle "EXT 2010"]
[Source "ChessBase"]
[SourceDate "2010.11.25"]
[SourceVersion "1"]
[SourceVersionDate "2010.11.25"]
[SourceQuality "1"]

1. d4 Nf6 2. Nf3 g6 3. Nc3 Bg7 4. e4 d6 5. Be3 c6 6. Qd2 b5 7. Bd3 a5 8. 0-0 0-0 9. Bh6 b4 10. Ne2 Nbd7 11. Ng3 e5 12. c3 Re8 13. Rfe1 Bh8 14. Rad1 Nf8 15. h3 Qc7 16. Bg5 Bg7 17. Bh6 Bh8 18. Bg5 Bg7 19. Bc4 Be6 20. Bf1 Bxa2 21. cxb4 axb4 22. Qxb4 Rab8 23. Qd2 Bb3 24. Rc1 Qb6 25. Be3 Qb4 26. dxe5 dxe5 27. Rxc6 Nxe4 28. Nxe4 Qxe4 29. Rc3 Qb4 30. Bc5 Qb7 31. Qe3 Ne6 32. Bd6 Bd5 33. Bxb8 Rxb8 34. Nxe5 Qxb2 35. Rcc1 h5 36. Nd3 Qf6 37. Nc5 Nf4 38. Nd7 Qd6 39. Nxb8 Qxb8 40. Qe8+ Qxe8 41. Rxe8+ Kh7 42. g3 Ne6 43. Bc4 Bxc4 44. Rxc4 Bf6 45. Rxe6 fxe6 46. Rc6 Kg7 47. Rxe6 Bd4 48. Rc6 g5 49. Kg2 Kf7 50. f4 gxf4 51. gxf4 h4 52. Kf3 Bg1 53. Kg4 Bf2 54. Rh6 1-0

[Event "Rome Autunno Accademia op"]
[Site "Rome"]
[Date "2007.10.13"]
[Round "3"]
[White "Tosoni, Augusto"]
[Black "Proietti, Giorgio"]
[Result "1-0"]
[WhiteElo "2255"]
[BlackElo "1914"]
[PlyCount "51"]
[EventDate "2007.10.12"]
[EventType "swiss"]
[EventRounds "5"]
[EventCountry "ITA"]
[SourceTitle "EXT 2010"]
[Source "ChessBase"]
[SourceDate "2010.11.25"]
[SourceVersion "1"]
[SourceVersionDate "2010.11.25"]
[SourceQuality "1"]

1. e4 e6 2. d4 d5 3. Nc3 Bb4 4. e5 Ne7 5. a3 Bxc3+ 6. bxc3 c5 7. a4 Qa5 8. Bd2 Nbc6 9. Nf3 Bd7 10. Rb1 Qc7 11. Bb5 Na5 12. 0-0 Bxb5 13. Rxb5 c4 14. Bc1 b6 15. Ba3 Nb7 16. Nh4 g5 17. Nf3 g4 18. Nh4 h5 19. f4 Nf5 20. Nxf5 exf5 21. Rxd5 Rd8 22. Rxd8+ Qxd8 23. d5 h4 24. Qd4 Na5 25. e6 Rh6 26. Qg7 1-0

[Event "Rome Primavera Accademia op"]
[Site "Rome"]
[Date "2007.05.13"]
[Round "5"]
[White "Ottaviani, Gianluca"]
[Black "Tosoni, Augusto"]
[Result "1/2-1/2"]
[WhiteElo "1963"]
[BlackElo "2270"]
[PlyCount "28"]
[EventDate "2007.05.11"]
[EventType "swiss"]
[EventRounds "5"]
[EventCountry "ITA"]
[SourceTitle "EXT 2010"]
[Source "ChessBase"]
[SourceDate "2010.11.25"]
[SourceVersion "1"]
[SourceVersionDate "2010.11.25"]
[SourceQuality "1"]

1. d4 Nf6 2. c4 g6 3. Nc3 Bg7 4. e4 d6 5. f3 0-0 6. Be3 Nc6 7. Nge2 a6 8. Qd2 Rb8 9. Nc1 e5 10. d5 Nd4 11. N1e2 c5 12. dxc6 bxc6 13. Nxd4 exd4 14. Bxd4 Be6 1/2-1/2

[Event "ITA-ch sf g/5' 1st"]
[Site "Playchess.com INT"]
[Date "2006.02.25"]
[Round "5"]
[White "Tosoni, Augusto"]
[Black "Calavalle, Giulio"]
[Result "1-0"]
[WhiteElo "2266"]
[BlackElo "2199"]
[PlyCount "115"]
[EventDate "2006.02.25"]
[EventType "swiss (blitz)"]
[EventRounds "11"]
[EventCountry "ITA"]
[SourceTitle "CBM 111 Extra"]
[Source "ChessBase"]
[SourceDate "2006.05.09"]
[SourceVersion "1"]
[SourceVersionDate "2006.05.09"]
[SourceQuality "1"]

1. e4 c5 2. d4 cxd4 3. c3 d6 4. cxd4 g6 5. Nc3 Bg7 6. Nf3 Bg4 7. Be2 Nc6 8. Be3 Nf6 9. 0-0 0-0 10. h3 Bxf3 11. Bxf3 e5 12. d5 Ne7 13. Qd2 Nd7 14. Bh6 f5 15. Bxg7 Kxg7 16. Rac1 a6 17. a4 Nc5 18. Qe2 Nb3 19. Rcd1 Nd4 20. Qe3 Nxf3+ 21. Qxf3 fxe4 22. Qxe4 Nf5 23. Kh2 Nd4 24. f4 Qh4 25. g3 Qe7 26. fxe5 dxe5 27. Rxf8 Rxf8 28. Rxd4 Rf2+ 29. Kg1 Qf6 30. Rd1 Rf3 31. Ne2 Qb6+ 32. Kh1 Re3 33. Qg2 Qb3 34. Rf1 h5 35. d6 h4 36. Nc1 Qe6 37. Qxb7+ Kh6 38. Qg2 Rxg3 39. Qd2+ g5 40. Qh2 Rxh3 41. Rd1 Rxh2+ 42. Kxh2 g4 43. d7 g3+ 44. Kg2 Qg4 45. d8Q h3+ 46. Kg1 h2+ 47. Kg2 Qe4+ 48. Kxg3 h1Q 49. Rxh1+ Qxh1 50. Qh8+ Kg5 51. Qxh1 e4 52. Qxe4 Kf6 53. b4 a5 54. bxa5 Kf7 55. Qc6 Kg7 56. Qe6 Kh7 57. Qf6 Kg8 58. Qe7 1-0

[Event "ITA-ch sf g/5' 1st"]
[Site "Playchess.com INT"]
[Date "2006.02.25"]
[Round "6"]
[White "Tosoni, Augusto"]
[Black "Caselli, Luigi"]
[Result "1-0"]
[WhiteElo "2266"]
[BlackElo "2286"]
[PlyCount "87"]
[EventDate "2006.02.25"]
[EventType "swiss (blitz)"]
[EventRounds "11"]
[EventCountry "ITA"]
[SourceTitle "CBM 111 Extra"]
[Source "ChessBase"]
[SourceDate "2006.05.09"]
[SourceVersion "1"]
[SourceVersionDate "2006.05.09"]
[SourceQuality "1"]

1. e4 d5 2. d4 dxe4 3. Nc3 Nf6 4. Bg5 e6 5. Nxe4 Be7 6. Bxf6 Bxf6 7. Nf3 Bd7 8. Bd3 Bc6 9. Qe2 Nd7 10. 0-0 0-0 11. Rad1 Rb8 12. c4 Bxe4 13. Qxe4 g6 14. h4 c6 15. h5 Kg7 16. Bc2 Re8 17. Rfe1 Qa5 18. hxg6 hxg6 19. a3 Qh5 20. Qf4 Rh8 21. Kf1 Nb6 22. b3 Rbd8 23. a4 g5 24. Qg3 g4 25. Ne5 Bxe5 26. Rxe5 Qh4 27. Qf4 Rh5 28. Rxh5 Qxh5 29. a5 Nc8 30. Qc7 Rh8 31. Qxb7 Qxa5 32. Qxc6 Qc3 33. Qe4 f5 34. Qe5+ Kh7 35. Bxf5+ exf5 36. Qxf5+ Kg7 37. Qxg4+ Kf7 38. Kg1 Ne7 39. d5 Qxb3 40. Re1 Qc3 41. Qe6+ Kg7 42. Qxe7+ Kg6 43. Qe6+ Kg5 44. Qe5+ 1-0

[Event "ITA-ch sf g/5' 1st"]
[Site "Playchess.com INT"]
[Date "2006.02.25"]
[Round "8"]
[White "Tosoni, Augusto"]
[Black "Cocchi, Andrea"]
[Result "0-1"]
[WhiteElo "2266"]
[BlackElo "2333"]
[PlyCount "100"]
[EventDate "2006.02.25"]
[EventType "swiss (blitz)"]
[EventRounds "11"]
[EventCountry "ITA"]
[SourceTitle "CBM 111 Extra"]
[Source "ChessBase"]
[SourceDate "2006.05.09"]
[SourceVersion "1"]
[SourceVersionDate "2006.05.09"]
[SourceQuality "1"]

1. e4 c6 2. d4 d5 3. e5 c5 4. dxc5 e6 5. Be3 Ne7 6. Bb5+ Bd7 7. Bxd7+ Nxd7 8. f4 Nf5 9. Bf2 Bxc5 10. Bxc5 Nxc5 11. Nf3 Qb6 12. b3 Ne4 13. Qe2 Neg3 14. hxg3 Nxg3 15. Qd2 Nxh1 16. Nc3 Rc8 17. 0-0-0 Ng3 18. Nd4 a6 19. f5 Qc5 20. Kb2 Nxf5 21. Nxf5 exf5 22. Nxd5 0-0 23. b4 Qb5 24. Ne7+ Kh8 25. Nxc8 Qxe5+ 26. c3 Rxc8 27. Qd8+ Qe8 28. Qd7 b5 29. Qxf5 Qc6 30. Rc1 Qxg2+ 31. Rc2 Qb7 32. Rh2 g6 33. Qf6+ Kg8 34. Rf2 Qc7 35. a3 Re8 36. Rd2 Qe7 37. Qxa6 Qe5 38. Qa7 h5 39. Rf2 Qd5 40. Qb6 h4 41. Qf6 Re4 42. Rh2 g5 43. Rg2 Re5 44. a4 Qxg2+ 45. Kb3 bxa4+ 46. Kxa4 Qa8+ 47. Kb3 Qd5+ 48. c4 Qd3+ 49. Ka4 Rf5 50. Qd8+ Qxd8 0-1

[Event "CFriend AC-2003-Q-00013 email"]
[Site "Chessfriend.com"]
[Date "2003.09.01"]
[Round "?"]
[White "Larsson, Mats"]
[Black "Tosoni, Augusto"]
[Result "1/2-1/2"]
[WhiteElo "2420"]
[BlackElo "2205"]
[PlyCount "73"]
[EventDate "2003.09.01"]
[EventType "tourn (corr)"]
[EventRounds "10"]
[SourceTitle "Corr 2008"]
[Source "ChessBase"]
[SourceDate "2008.06.24"]
[SourceVersion "1"]
[SourceVersionDate "2008.06.24"]
[SourceQuality "1"]

1. Nc3 d5 2. e4 e6 3. d4 Nf6 4. Bg5 dxe4 5. Nxe4 Be7 6. Bxf6 Bxf6 7. Nf3 0-0 8. Qd2 Nd7 9. 0-0-0 Be7 10. Bd3 b6 11. h4 Bb7 12. Rh3 Nf6 13. Nxf6+ Bxf6 14. Ng5 h6 15. Nh7 Re8 16. Nxf6+ Qxf6 17. g4 e5 18. dxe5 Qxe5 19. Re3 Qh2 20. Rde1 Bc6 21. h5 Rxe3 22. Qxe3 Kf8 23. Qe7+ Kg8 24. a3 Qf4+ 25. Kb1 Qxg4 26. Qxc7 Qd7 27. Qf4 Re8 28. Rxe8+ Qxe8 29. c4 Ba4 30. Ka2 Bd1 31. f3 Be2 32. Bxe2 Qxe2 33. Kb3 Qd1+ 34. Ka2 Qe2 35. Qc7 Qe6 36. Kb3 Qe3+ 37. Kb4 1/2-1/2

[Event "CFriend AC-2003-Q-00013 email"]
[Site "Chessfriend.com"]
[Date "2003.09.01"]
[Round "?"]
[White "Tosoni, Augusto"]
[Black "Jeremejev, Artjom"]
[Result "0-1"]
[WhiteElo "2205"]
[BlackElo "2155"]
[PlyCount "22"]
[EventDate "2003.09.01"]
[EventType "tourn (corr)"]
[EventRounds "10"]
[SourceTitle "Corr 2008"]
[Source "ChessBase"]
[SourceDate "2008.06.24"]
[SourceVersion "1"]
[SourceVersionDate "2008.06.24"]
[SourceQuality "1"]

1. e4 c6 2. d4 d5 3. Nc3 dxe4 4. Nxe4 Nd7 5. Bc4 Ngf6 6. Ng5 e6 7. Qe2 Nb6 8. Bd3 Qxd4 9. N1f3 Qd5 10. Ne5 Qxg2 11. Rf1 Bc5 0-1

[Event "Internet Section 14-A"]
[Site "Dos Hermanas"]
[Date "2003.03.14"]
[Round "4"]
[White "Tosoni, Augusto"]
[Black "Slipak, Sergio"]
[Result "0-1"]
[WhiteElo "2182"]
[BlackElo "2502"]
[PlyCount "66"]
[EventDate "2003.03.14"]
[EventType "swiss (blitz)"]
[EventRounds "9"]
[EventCountry "ESP"]
[SourceTitle "EXT 2004"]
[Source "ChessBase"]
[SourceDate "2003.11.25"]
[SourceVersion "1"]
[SourceVersionDate "2003.11.25"]
[SourceQuality "1"]

1. e4 c6 2. d4 d5 3. Nc3 dxe4 4. Nxe4 Bf5 5. Bd3 Qxd4 6. Nf3 Qd8 7. Qe2 e6 8. Bd2 Be7 9. 0-0-0 Qc7 10. g3 Bxe4 11. Bxe4 Nf6 12. Bf4 Qa5 13. Kb1 Nbd7 14. Bd2 Qc7 15. Bd3 0-0 16. g4 Nd5 17. g5 Nc5 18. Bc4 b5 19. Bxd5 cxd5 20. Qxb5 Rab8 21. Qe2 Na4 22. b3 Rfc8 23. Qd3 Nc5 24. Qe2 Ne4 25. Be1 Ba3 26. Rd3 Rb6 27. Nd2 Nc3+ 28. Rxc3 Qxc3 29. Nc4 Qxc4 30. Qd1 Qe4 31. Bd2 Qd4 32. Bc1 Qxd1 33. Rxd1 Bxc1 0-1

[Event "Rome Steinitz op 1st"]
[Site "Rome"]
[Date "2002.07.07"]
[Round "4"]
[White "Voiska, Margarita"]
[Black "Tosoni, Augusto"]
[Result "1-0"]
[WhiteElo "2356"]
[BlackElo "2174"]
[PlyCount "53"]
[EventDate "2002.07.05"]
[EventType "swiss"]
[EventRounds "5"]
[EventCountry "ITA"]
[SourceTitle "EXT 2007"]
[Source "ChessBase"]
[SourceDate "2006.11.23"]
[SourceVersion "1"]
[SourceVersionDate "2006.11.23"]
[SourceQuality "1"]

1. c4 Nf6 2. Nc3 e6 3. e4 d5 4. e5 Ne4 5. Nf3 c5 6. Qc2 Nxc3 7. dxc3 Nc6 8. Bf4 Be7 9. h4 d4 10. Bd3 dxc3 11. bxc3 Qc7 12. Bxh7 Bd7 13. Be4 0-0-0 14. g3 Qa5 15. 0-0 f5 16. exf6 gxf6 17. Rfe1 Qa6 18. Rab1 e5 19. Be3 Qxc4 20. Nd2 Qg8 21. Qa4 Kc7 22. Nc4 Rxh4 23. Rxb7+ Kxb7 24. Rb1+ Kc7 25. Qxa7+ Nxa7 26. Rb7+ Kc8 27. Nb6# 1-0

[Event "Palocco tt"]
[Site "Palocco"]
[Date "1998.??.??"]
[Round "5"]
[White "Tommasini, Enzo"]
[Black "Tosoni, Augusto"]
[Result "0-1"]
[WhiteElo "2095"]
[BlackElo "1945"]
[PlyCount "118"]
[EventDate "1998.??.??"]
[EventType "team"]
[EventRounds "6"]
[EventCountry "ITA"]
[SourceTitle "EXT 2001"]
[Source "ChessBase"]
[SourceDate "2000.11.22"]
[SourceVersion "1"]
[SourceVersionDate "2000.11.22"]
[SourceQuality "1"]

1. d4 d5 2. c4 e6 3. Nc3 Nf6 4. cxd5 exd5 5. Bg5 Be7 6. e3 c6 7. Qc2 Nbd7 8. Bd3 0-0 9. Nge2 g6 10. f3 c5 11. dxc5 Nxc5 12. Rd1 Be6 13. Bh6 Re8 14. Bb5 Ncd7 15. 0-0 a6 16. Ba4 b5 17. Bb3 Qc8 18. Nf4 Nb6 19. Qf2 Qc5 20. Rd4 Red8 21. Rfd1 Rd7 22. h4 Bd6 23. Bg5 Be7 24. e4 Rad8 25. e5 Ne8 26. Bxe7 Qxe7 27. h5 g5 28. Nfe2 Ng7 29. g4 h6 30. Ng3 Nc4 31. Qe2 Qc5 32. Kf2 Rc8 33. Bxc4 bxc4 34. Nf1 Rcd8 35. R1d2 Ne8 36. Qd1 Nc7 37. Ne3 Nb5 38. Nxb5 axb5 39. a4 b4 40. b3 c3 41. R2d3 Qc7 42. Rxb4 Qxe5 43. Rbd4 Rc8 44. Nc2 Rdc7 45. Re3 Qd6 46. Qe1 Qb6 47. Rb4 Qa6 48. Rb5 d4 49. Nxd4 c2 50. Qc1 Qd6 51. Nxe6 fxe6 52. Rbe5 Rc3 53. Re1 Rd3 54. Rxg5+ hxg5 55. Qxg5+ Kf7 56. Qg6+ Ke7 57. Qg7+ Kd8 58. Qg5+ Kd7 59. Qb5+ Rc6 0-1

[Event "Palocco tt"]
[Site "Palocco"]
[Date "1998.??.??"]
[Round "4"]
[White "Tosoni, Augusto"]
[Black "Corvi, Marco"]
[Result "1-0"]
[WhiteElo "1945"]
[BlackElo "2320"]
[PlyCount "135"]
[EventDate "1998.??.??"]
[EventType "team"]
[EventRounds "6"]
[EventCountry "ITA"]
[SourceTitle "EXT 2001"]
[Source "ChessBase"]
[SourceDate "2000.11.22"]
[SourceVersion "1"]
[SourceVersionDate "2000.11.22"]
[SourceQuality "1"]

1. e4 c5 2. d4 cxd4 3. c3 dxc3 4. Nxc3 Nc6 5. Nf3 d6 6. Bc4 e6 7. 0-0 Nf6 8. Qe2 a6 9. Rd1 Qc7 10. Bf4 Ne5 11. Nxe5 dxe5 12. Bg5 Be7 13. Rac1 Bd7 14. Bxf6 Bxf6 15. Nb5 Qb6 16. Nd6+ Ke7 17. Nxf7 Rhf8 18. Qd2 Rxf7 19. Qxd7+ Kf8 20. Qxe6 Qxe6 21. Bxe6 Re7 22. Rd6 g6 23. Rb6 Rd8 24. Bd5 Bg5 25. Rc3 Rdd7 26. Rcb3 Rc7 27. g3 Bd2 28. Rxb7 Rxb7 29. Rxb7 Rxb7 30. Bxb7 a5 31. Kf1 Bc1 32. b3 Ke7 33. Ke2 Kd6 34. Bd5 h6 35. Kf3 Ke7 36. Kg4 Kf6 37. Bc6 g5 38. Kh5 Kg7 39. h4 Kf6 40. Bd5 Bd2 41. Kg4 Bc1 42. Kf3 Ke7 43. Ke2 Kd6 44. Kd3 Kc5 45. Be6 Ba3 46. Bg8 Bc1 47. Ke2 Kd6 48. Kf3 Ke7 49. Kg4 Kf6 50. Kh5 Bd2 51. f3 Bc1 52. Bc4 Kg7 53. hxg5 hxg5 54. a3 Kf6 55. b4 a4 56. b5 Bxa3 57. b6 Bd6 58. b7 a3 59. Kh6 Bb8 60. g4 Ba7 61. Kh7 Bb8 62. Kg8 Ke7 63. Kg7 Kd6 64. Kf6 Kc5 65. Bd5 Kd4 66. Kxg5 Ke3 67. Kf5 Kxf3 68. g5 1-0

[Event "Palocco tt"]
[Site "Palocco"]
[Date "1998.??.??"]
[Round "6"]
[White "Tosoni, Augusto"]
[Black "Gardon, Ermanno"]
[Result "0-1"]
[WhiteElo "1945"]
[BlackElo "1815"]
[PlyCount "118"]
[EventDate "1998.??.??"]
[EventType "team"]
[EventRounds "6"]
[EventCountry "ITA"]
[SourceTitle "EXT 2001"]
[Source "ChessBase"]
[SourceDate "2000.11.22"]
[SourceVersion "1"]
[SourceVersionDate "2000.11.22"]
[SourceQuality "1"]

1. e4 e6 2. d4 c5 3. Nf3 cxd4 4. Nxd4 Nf6 5. Bd3 Nc6 6. Nxc6 dxc6 7. 0-0 e5 8. Nc3 Be6 9. Qe2 Qc7 10. Bc4 Bxc4 11. Qxc4 Bd6 12. a4 0-0 13. g3 Qe7 14. Kg2 Rad8 15. Be3 a5 16. Rfd1 Nd7 17. Rd3 Bc7 18. Rad1 Nb6 19. Qc5 Qxc5 20. Bxc5 Rxd3 21. Rxd3 Rd8 22. Rxd8+ Bxd8 23. b3 Nc8 24. Kf3 f6 25. Ke2 Kf7 26. Kd3 Bb6 27. Bxb6 Nxb6 28. Nd1 Nd7 29. f3 Ke6 30. Ne3 g6 31. g4 b6 32. h3 Nc5+ 33. Kc3 Kd6 34. Nc4+ Kc7 35. g5 b5 36. Nxa5 fxg5 37. axb5 cxb5 38. Kd2 Ne6 39. c4 b4 40. c5 Nxc5 41. Ke3 Kd7 42. Ke2 Ne6 43. Kf2 Nd4 44. Ke3 Ke6 45. Kf2 Kf6 46. Kg3 h5 47. Kg2 g4 48. fxg4 Kg5 49. gxh5 gxh5 50. Kf2 Kf4 51. Nb7 Nxb3 52. Nd6 Nc5 53. Ke2 Nxe4 54. Nc4 h4 55. Ne3 b3 56. Nc4 Ng5 57. Kd3 Nxh3 58. Nd2 Nf2+ 59. Kc3 Ne4+ 0-1